000
00263nam a2200109 a 4500
005
20140414131919.0
008
101022s19uu xx 00 eng d
050
_a
ER
_b
M99 199?
245
_a
My first book of 123.
260
_b
Rising Sun,
_c
199?.
999
_c
111674
_d
111674